000 02666cam a2200313 4500500
005 20251228073406.0
041 _afre
042 _adc
100 1 0 _aRoche, Marine
_eauthor
700 1 0 _aPentecouteau, Hugues
_eauthor
700 1 0 _aEneau, Jérôme
_eauthor
700 1 0 _aLameul, Geneviève
_eauthor
700 1 0 _aBertrand, Eric
_eauthor
245 0 0 _aL’autorégulation des apprentissages dans une formation pour adultes
260 _c2024.
500 _a20
520 _aCet article présente une étude empirique sur les stratégies d’autorégulation dans le cas d’une formation pour adultes. Il s’agit plus particulièrement d’interroger les deux stratégies d’apprentissage que sont les s eeking information et s eeking social assistance (Zimmerman et Pons, 1986). L’objectif est d’identifier et de décrire les pratiques de demande d’aide des apprenants durant l’utilisation de formation en ligne. Le terrain de la recherche est une formation destinée aux adultes et vise une insertion professionnelle dans le domaine du numérique. À partir de 23 entretiens semi-directifs recueillis auprès des stagiaires de la formation, l’analyse souligne une diversité des pratiques de demande d’aide. Les résultats montrent l’existence de règles de préférence des stagiaires pour déterminer la source d’aide la plus adaptée à leur besoin selon le contexte de la demande d’aide.
520 _aThis article presents an empirical study that focuses on adult learners’ self-regulatory strategies. Specifically, it questions two learning strategies, i.e., “seeking information” and “seeking social assistance” (Zimmerman and Pons, 1986). It seeks to identify and describe how learners seek help during online training sessions. The study is based on an adult training program aimed at professional integration into the digital field. Drawing on 23 semi-structured interviews collected from learners, the findings highlight the diverse ways in which these learners request for help. The results show that these learners are guided by specific rules which they use to determine the source of aid best suited to their needs according to the context in which this help is sought.
690 _aautorégulation
690 _ademande d’aide
690 _aformation d’adultes
690 _aformation en ligne
690 _aadult training
690 _ahelp seeking
690 _aonline training
690 _aself-regulated learning
786 0 _nSavoirs |  64 | 1 | 2024-05-09 | p. 53-70 | 1763-4229
856 4 1 _uhttps://shs.cairn.info/revue-savoirs-2024-1-page-53?lang=fr&redirect-ssocas=7080
999 _c1595138
_d1595138